Những sáng tạo của Hồ Chí Minh trên đường sáng lập Đảng Cộng Sản Việt Nam

Nội dung cuốn sách gồm 3 phần chính: Từ người yêu nước trở thành chiến sĩ cộng sản ; Hồ Chí Minh với hoạt động và đóng góp phong trào cộng sản Quốc tế ; Người sáng lập Đảng cộng sản Việt Nam....

תיאור מלא

שמור ב:
מידע ביבליוגרפי
מחבר ראשי: Lê, Văn Yên
פורמט: ספר
שפה:Undetermined
יצא לאור: Hà Nội Chính trị Quốc gia 2009
נושאים:
תגים: הוספת תג
אין תגיות, היה/י הראשונ/ה לתייג את הרשומה!
Thư viện lưu trữ: Trung tâm Học liệu Trường Đại học Cần Thơ
LEADER 01102nam a2200229Ia 4500
001 CTU_148205
008 210402s9999 xx 000 0 und d
020 |c 21000 
082 |a 324.259707 
082 |b Y254 
100 |a Lê, Văn Yên 
245 0 |a Những sáng tạo của Hồ Chí Minh trên đường sáng lập Đảng Cộng Sản Việt Nam 
245 0 |c Lê Văn Yên 
260 |a Hà Nội 
260 |b Chính trị Quốc gia 
260 |c 2009 
520 |a Nội dung cuốn sách gồm 3 phần chính: Từ người yêu nước trở thành chiến sĩ cộng sản ; Hồ Chí Minh với hoạt động và đóng góp phong trào cộng sản Quốc tế ; Người sáng lập Đảng cộng sản Việt Nam. 
650 |a Communists,Ho Chi Minh,Chủ nghĩa cộng sản,Hồ Chí Minh 
650 |x Biography,Biography,Tiểu sử,Tiểu sử 
650 |z Vietnam,Việt Nam 
904 |i Trọng Hiếu 
980 |a Trung tâm Học liệu Trường Đại học Cần Thơ